Building information modelling (BIM) (Record no. 114695)

MARC details
000 -LEADER
fixed length control field 01165cad a22002415a 4500
001 - CONTROL NUMBER
control field L157276
008 - FIXED-LENGTH DATA ELEMENTS--GENERAL INFORMATION
fixed length control field 121009s2012 xxk f 000 0 eng d
035 ## - SYSTEM CONTROL NUMBER
System control number (Sirsi) u157276
041 0# - LANGUAGE CODE
Language code of text/sound track or separate title eng
110 2# - MAIN ENTRY--CORPORATE NAME
Corporate name or jurisdiction name as entry element Gardiner and Theobald LLP
9 (RLIN) 6115
245 00 - TITLE STATEMENT
Title Building information modelling (BIM)
Remainder of title September 2012
Medium [electronic resource]
260 ## - PUBLICATION, DISTRIBUTION, ETC.
Place of publication, distribution, etc. [S.l.]
Name of publisher, distributor, etc. Gardiner & Theobald LLP
Date of publication, distribution, etc. 2012
490 #0 - SERIES STATEMENT
Series statement G&T Knowledge Paper
505 2# - FORMATTED CONTENTS NOTE
Formatted contents note Introduction -- What is BIM? -- Who is using BIM and why? -- Integrated project delivery with BIM -- Is G&T using BIM? -- How does BIM affect G&T?
520 ## - SUMMARY, ETC.
Summary, etc. This document explains in brief what BIM is and what it means to Gardiner & Theobald and the industry generally. It outlines the changing role of consultants on projects that use BIM in the ever evolving construction industry.
590 ## - LOCAL NOTE (RLIN)
Local note KA NTK
650 24 - SUBJECT ADDED ENTRY--TOPICAL TERM
Topical term or geographic name entry element BUILDING INFORMATION MODELLING
650 24 - SUBJECT ADDED ENTRY--TOPICAL TERM
Topical term or geographic name entry element BIM
9 (RLIN) 6219
651 #4 - SUBJECT ADDED ENTRY--GEOGRAPHIC NAME
Geographic name United Kingdom
Chronological subdivision
690 ## - LOCAL SUBJECT ADDED ENTRY--TOPICAL TERM (OCLC, RLIN)
Topical term or geographic name as entry element BIM
9 (RLIN) 6219
856 40 - ELECTRONIC LOCATION AND ACCESS
Uniform Resource Identifier <a href="https://www.gardiner.com/assets/files/files/21af6e6ebeaa1f797ed1b3f2946e283bafdfc45c/BIM_300812External.pdf">https://www.gardiner.com/assets/files/files/21af6e6ebeaa1f797ed1b3f2946e283bafdfc45c/BIM_300812External.pdf</a>
Public note View the item free of charge at www.gardiner.com
942 ## - ADDED ENTRY ELEMENTS (KOHA)
Suppress in OPAC 0
Holdings
Withdrawn status Lost status Source of classification or shelving scheme Damaged status Not for loan Home library Current library Shelving location Date acquired Total Checkouts Full call number Barcode Date last seen Copy number Price effective from Koha item type
    Dewey Decimal Classification     Virtual Virtual Online 09/10/2012   ONLINE PUBLICATION 157276-2001 06/08/2019 1 06/08/2019 Book